00324nam a22001217a 4500003000400000020001800004082001700022100002000039245004100059260006400100300001200164650002600176SGT a9780323546607 a616.01bB17J aJack Ferracane  aDental Biomaterials for Oral Health  aPhiladelphia, United StatesbHealth Sciences Divisionc2017 a651-871 aBIOMEDICAL DENTISTRY